A közösségi média szabályozásának irányai a Netzwerkdurchsetzungsgesetz és a Digital Services Act összehasonlításán keresztül [absztrakt] /
Elmentve itt :
| Szerző: | |
|---|---|
| Testületi szerző: | |
| Dokumentumtípus: | Könyv része |
| Megjelent: |
Szegedi Tudományegyetem Állam- és Jogtudományi Doktori Iskola
Szeged
2023
|
| Sorozat: | Szegedi Jogász Doktorandusz Konferenciák
13 Az összehasonlító módszer alkalmazásának irányai a jog- és államtudományokban 13 |
| Kulcsszavak: | Közösségi média - előadáskivonat, Szólásszabadság - előadáskivonat, Gyűlöletbeszéd - előadáskivonat, Cenzúra - előadáskivonat |
| Tárgyszavak: | |
| Online Access: | http://acta.bibl.u-szeged.hu/82513 |
| LEADER | 01324naa a2200253 i 4500 | ||
|---|---|---|---|
| 001 | acta82513 | ||
| 005 | 20231206120702.0 | ||
| 008 | 231206s2023 hu o 1|| hun d | ||
| 020 | |a 978-963-306-952-3 | ||
| 022 | |a 2063-3807 | ||
| 040 | |a SZTE Egyetemi Kiadványok Repozitórium |b hun | ||
| 041 | |a hun | ||
| 100 | 1 | |a Csík Aurél | |
| 245 | 1 | 2 | |a A közösségi média szabályozásának irányai a Netzwerkdurchsetzungsgesetz és a Digital Services Act összehasonlításán keresztül |h [elektronikus dokumentum] : |b [absztrakt] / |c Csík Aurél |
| 260 | |a Szegedi Tudományegyetem Állam- és Jogtudományi Doktori Iskola |b Szeged |c 2023 | ||
| 300 | |a 14 | ||
| 490 | 0 | |a Szegedi Jogász Doktorandusz Konferenciák |v 13 | |
| 490 | 0 | |a Az összehasonlító módszer alkalmazásának irányai a jog- és államtudományokban |v 13 | |
| 650 | 4 | |a Társadalomtudományok | |
| 650 | 4 | |a Jogtudomány | |
| 650 | 4 | |a Média és kommunikáció | |
| 695 | |a Közösségi média - előadáskivonat, Szólásszabadság - előadáskivonat, Gyűlöletbeszéd - előadáskivonat, Cenzúra - előadáskivonat | ||
| 711 | |a Az összehasonlító módszer alkalmazásának irányai a jog- és államtudományokban |c Szeged |d 2023. június 2. | ||
| 856 | 4 | 0 | |u http://acta.bibl.u-szeged.hu/82513/1/szegedi_jogasz_doktorandusz_konf_013_014.pdf |z Dokumentum-elérés |